| 000 | 01110ngm a22003490a 4500 | ||
|---|---|---|---|
| 001 | PT16768 | ||
| 003 | AR-LpoUNG | ||
| 005 | 20210202000244.0 | ||
| 007 | vd cvaizq | ||
| 008 | 191001s1984||||ag |||||||||||||||||ita d | ||
| 037 | _c$9.96 | ||
| 040 |
_aAR-LpoUNG _bspa _cAR-LpoUNG _eaacr |
||
| 041 |
_aita _aspa |
||
| 044 | _aag | ||
| 082 | 0 | _a853 231kao | |
| 100 | 1 |
_aTaviani, Paolo _edir. |
|
| 245 | 1 | 0 | _aKaos |
| 260 |
_aSan Luis : _bAVH, _c[1984]. |
||
| 300 | _aVHS (180 min.) : son., col. | ||
| 505 | 0 | _aFotografía: Giuseppe Lanci ; música: Nicola Piovani. | |
| 520 | _aDel libro Novelas para un año de Luigi Pirandello, Contiene: "El otro hijo", con Margarita Lozano, "Mal de luna", con Claudio Bigagli", "La tinaja", con Ciccio Ingrassia y F. Franchi, "Requiem" con Biagio Barone y S. Rossi y "Charla con Mama", con Antonutti y R. Bianchi. | ||
| 650 | 4 | _aENFERMEDADES | |
| 650 | 4 | _aFAMILIA | |
| 650 | 4 | _aITALIA | |
| 650 | 4 | _aLITERATURA | |
| 650 | 4 | _aNOVELAS | |
| 653 | _aFEUDALISMO | ||
| 653 | _aVIDEOS | ||
| 700 | 1 |
_aTaviani, Vittorio _edir. |
|
| 905 | _a16768 | ||
| 942 | _cVIDEO | ||
| 999 |
_c54468 _d54468 |
||